| 000 | 00570nam a2200169 a 4500 | ||
|---|---|---|---|
| 001 | 000033321 | ||
| 005 | 20240308073621.0 | ||
| 008 | 110824s1915 sp 000 0 spa d | ||
| 040 |
_aDO-SdBNP _bspa _cBNPHU |
||
| 082 |
_axxx _bC422h |
||
| 100 | 1 |
_aCestero, Tulio M., _q(Tulio Manuel), _d1877-1955 _91698 |
|
| 245 | 1 | 0 |
_aHombres y piedras : _bAl margen del Baedeker / _cTulio M. Cestero ; prólogo de Rubén Darío. |
| 260 |
_aMadrid : _bSociedad Española de Librería, _c[1915]? |
||
| 300 |
_a304 p. ; _c19 cm. |
||
| 700 | 1 |
_aDarío, Rubén, _epról. _958914 |
|
| 049 | _aBNPD | ||
| 999 |
_c32812 _d32812 |
||